Bundesliga TOP 50: Ausländische Spieler von Borussia Mönchengladbach - Statistiken

Allgemein
  • Dieses Quiz wurde 103 mal gespielt
  • Das Durchschnittsergebnis liegt bei 22 aus 50
Antwortstatistiken
Nr. Nation Spiele Zeitraum Position Name % Korrekt
1 SUI 272 2014 - 2023 TW Yann Sommer
99%
13 FRA 134 2018 - 2023 ST Alassane Pléa
89%
3 SUI 211 2015 - 2023 V Nico Elvedi
86%
28 FRA 96 2019 - 2023 ST Marcus Thuram
84%
8 BRA 164 2013 - 2020 ST Raffael
81%
2 SWE 244 2011 - 2021 V Oscar Wendt
80%
12 BEL 147 2014 - 2019 MF Thorgan Hazard
70%
24 SUI 108 2012 - 2016 MF Granit Xhaka
69%
10 VEN 155 2009 - 2014 MF Juan Arango
69%
9 NED 156 2007 - 2016 V Roel Brouwers
68%
33 SUI 88 2019 - 2022 ST Breel Embolo
67%
39 ALG 81 2019 - 2023 V Ramy Bensebaini
66%
48 DEN 66 2016 - 2018 V Jannik Vestergaard
62%
4 BEL 183 2005 - 2015 V Filip Daems
60%
19 AUT 118 2011 - 2016 V Martin Stranzl
58%
29 BRA 93 2009 - 2012 V Dante
57%
31 AUT 89 2019 - 2023 V Stefan Lainer
56%
26 GUI 99 2014 - 2021 MF Ibrahima Traoré
54%
50 DEN 62 2015 - 2017 V Andreas Christensen
53%
25 USA 105 2014 - 2020 V Fabian Johnson
53%
15 SUI 125 2017 - 2022 MF Denis Zakaria
52%
5 DEN 178 1972 - 1979 ST Allan Simonsen
51%
11 NOR 152 2011 - 2016 V Håvard Nordtveit
51%
45 PAR 72 2009 - 2012 ST Raúl Bobadilla
46%
41 NED 77 1999 - 2004 ST Arie van Lent
45%
37 ESP 81 2012 - 2016 V Álvaro Domínguez
43%
15 SWE 125 1991 - 19961996 - 1997 ST Martin Dahlin
43%
6 SWE 174 1993 - 1999 V Patrik Andersson
41%
46 SWE 69 2012 - 2016 ST Branimir Hrgota
37%
22 LUX 113 2002 - 2006 V Jeff Strasser
35%
40 USA 78 2005 - 2007 TW Kasey Keller
35%
43 USA 76 2008 - 2011 MF Michael Bradley
35%
43 CZE 76 2003 - 2007 ST Václav Svěrkoš
30%
31 SUI 89 2001 - 2004 TW Jörg Stiel
29%
35 SVK 86 2000 - 2005 MF Igor Demo
25%
21 SWE 114 1995 - 1999 ST Jörgen Pettersson
25%
41 ALG 77 2008 - 2011 MF Karim Matmour
25%
35 TOG 86 1990 - 1995 ST Bachirou Salou
19%
46 BEL 69 2002 - 2005 ST Joris Van Hout
19%
7 AUT 167 1983 - 1990 V Bernd Krauss
16%
23 DEN 109 1976 - 1981 MF Carsten Nielsen
14%
18 CZE 120 2001 - 2005 MF Ivo Ulich
14%
14 DEN 126 1992 - 19971999 - 2002 MF Peter Nielsen
14%
49 POR 64 2005 - 2008 V Zé António
13%
15 DEN 125 1972 - 1976 ST Henning Jensen
12%
33 BRA 88 1999 - 2005 V Marcelo Pletsch
11%
27 CRO 97 1998 - 2004 V Slađan Ašanin
11%
30 DEN 90 1969 - 1972 MF Ulrik le Fevre
11%
37 CZE 81 1988 - 1991 V František Straka
9%
19 NOR 118 1982 - 1990 V Kai Erik Herlovsen
8%
Keine übereinstimmenden Quizze gefunden
Verteilung der Resultate
Anzahl Personen mit jedem Resultat
Perzentil nach korrekt beantworteten Fragen
Ihre Resultats-Entwicklung
Sie haben dieses Quiz noch nicht gespielt